[Event "Madrid 2023-2024ch - Semifinal"]
[Site "Madrid ESP"]
[Date "2024.05.06"]
[Round "1.22"]
[White "Garcia Tanjala, Marko"]
[Black "Alvarez Abejon, Amilcar"]
[Result "0-1"]
[WhiteElo "1713"]
[BlackElo "1924"]
[PlyCount "100"]
[EventDate "2024.05.06"]
[EventRounds "7"]
[SourceTitle "AjedrezenMadrid"]
[Source "lmi"]
[SourceDate "2024.05.06"]
[SourceVersion "1"]
[SourceVersionDate "2024.05.12"]
[SourceQuality "1"]

1. e4 e5 2. Nf3 Nc6 3. d4 exd4 4. Nxd4 g6 5. Nxc6 bxc6 6. Qd4 Nf6 7. Bg5 Bg7 8.
e5 Qe7 9. Be2 c5 10. exf6 cxd4 11. fxe7 d3 12. Nc3 dxe2 13. Kxe2 h6 14. Bf4 d6
15. Nd5 Kd7 16. c3 Rb8 17. Rab1 Ba6+ 18. Kd2 Bc4 19. Nb4 a5 20. Nd3 Bxa2 21.
Ra1 Bc4 22. Rhb1 Rb5 23. b4 Rd5 24. Rxa5 Rxd3+ 25. Kc2 Rxc3+ 26. Kd2 Re8 27. b5
Rxe7 28. b6 Re2+ 29. Kd1 cxb6 30. Rxb6 Be5 31. Be3 Ra2 32. Rxa2 Bxa2 33. Bxh6
Be6 34. Rb4 d5 35. Bd2 Ra3 36. Ke2 Bc3 37. Rb7+ Kc6 38. Rb1 Ra2 39. Rd1 d4 40.
Ke1 Bb3 41. Bxc3 Bxd1 42. Bxd4 Bb3 43. g4 Kd5 44. Bc3 Ke4 45. h4 Kf3 46. h5
gxh5 47. gxh5 Re2+ 48. Kf1 Rc2 49. h6 Rxc3 50. h7 Rc1# 0-1

[Event "Madrid 2023-2024ch - Semifinal"]
[Site "Madrid ESP"]
[Date "2024.05.07"]
[Round "2.1"]
[White "Bravo De La Vega, Alvaro"]
[Black "Horcajuelo Rocamora, Martin"]
[Result "1/2-1/2"]
[WhiteElo "2027"]
[BlackElo "2242"]
[PlyCount "107"]
[EventDate "2024.05.06"]
[EventRounds "7"]
[SourceTitle "AjedrezenMadrid"]
[Source "lmi"]
[SourceDate "2024.05.06"]
[SourceVersion "1"]
[SourceVersionDate "2024.05.12"]
[SourceQuality "1"]

1. e4 c5 2. Nf3 e6 3. d4 cxd4 4. Nxd4 a6 5. c4 Nf6 6. Nc3 Qc7 7. a3 b6 8. Be3
Bb7 9. f3 Nc6 10. Be2 Ne5 11. Rc1 Ng6 12. b4 Be7 13. Nb3 Rb8 14. c5 b5 15. a4
bxa4 16. Nxa4 Bxe4 17. fxe4 Rxb4 18. Rc4 Rxc4 19. Bxc4 Ne5 20. Be2 Qc6 21. Qd4
O-O 22. Qxe5 Qxa4 23. Nd2 Qa3 24. Kf2 d6 25. cxd6 Bxd6 26. Qa1 Qb4 27. Qd4 Qxd4
28. Bxd4 Bb4 29. Bxf6 gxf6 30. Nb3 a5 31. Ra1 Bc3 32. Rc1 Bb4 33. Nc5 Ra8 34.
Na6 Be7 35. Bb5 a4 36. Ke2 a3 37. Kd3 Bd6 38. Ra1 Rc8 39. Bc4 Kg7 40. Ra2 Kg6
41. Kc3 Kg5 42. Nb4 Bxh2 43. Rxa3 Be5+ 44. Kb3 Rb8 45. Ra7 Bd6 46. Rxf7 Kg6 47.
Rd7 Bxb4 48. Bxe6 h5 49. Bf5+ Kg5 50. Kc4 Bf8 51. Kd5 Rb2 52. Ke6 Rb6+ 53. Kf7
Bd6 54. Rd8 1/2-1/2

[Event "Madrid 2023-2024ch - Semifinal"]
[Site "Madrid ESP"]
[Date "2024.05.07"]
[Round "2.2"]
[White "De La Puerta Cresis, Javier"]
[Black "Perez Diez, Victor"]
[Result "1-0"]
[WhiteElo "2233"]
[BlackElo "2012"]
[PlyCount "135"]
[EventDate "2024.05.06"]
[EventRounds "7"]
[SourceTitle "AjedrezenMadrid"]
[Source "lmi"]
[SourceDate "2024.05.06"]
[SourceVersion "1"]
[SourceVersionDate "2024.05.12"]
[SourceQuality "1"]

1. e4 c5 2. Nf3 g6 3. c3 Bg7 4. d4 cxd4 5. cxd4 d5 6. e5 Bg4 7. Bb5+ Nd7 8. O-O
e6 9. Nbd2 Ne7 10. h3 Bxf3 11. Nxf3 O-O 12. b3 a6 13. Bd3 Qb6 14. Ba3 Rfe8 15.
Qd2 Nc6 16. Qf4 f6 17. Bb2 fxe5 18. Nxe5 Ndxe5 19. dxe5 Rf8 20. Qg3 Nb4 21. Ba3
Nxd3 22. Qxd3 Rf5 23. Rac1 Rxe5 24. Bc5 Qb5 25. Qg3 Rf5 26. Bd6 e5 27. Rc5 Qd7
28. Rxd5 Qe6 29. Rdd1 Bf8 30. Bxf8 Raxf8 31. Qe3 Kg7 32. Rd2 R8f7 33. Rfd1 Qf6
34. Rd7 Qe6 35. Rxf7+ Rxf7 36. h4 Qf6 37. g3 Qe6 38. h5 gxh5 39. Qg5+ Qg6 40.
Qxe5+ Qf6 41. Qxf6+ Kxf6 42. Rd5 Kg6 43. Kg2 Rc7 44. Rd4 Rc2 45. a4 Rc6 46. Rb4
b6 47. Kh3 a5 48. Rb5 Rf6 49. f4 Rd6 50. Kh4 h6 51. Rxh5 Rc6 52. Rd5 Rf6 53.
Rd7 Rc6 54. g4 b5 55. f5+ Kf6 56. Rh7 Rc3 57. Rxh6+ Kf7 58. axb5 Rxb3 59. Rb6
a4 60. Kg5 a3 61. Rb7+ Ke8 62. Ra7 Rxb5 63. Rxa3 Kf8 64. Kg6 Rb6+ 65. f6 Rb8
66. g5 Kg8 67. Re3 Kf8 68. Rh3 1-0

[Event "Madrid 2023-2024ch - Semifinal"]
[Site "Madrid ESP"]
[Date "2024.05.07"]
[Round "2.3"]
[White "Moreno Lopez, Avelino"]
[Black "Torres Rebolledo, Victor"]
[Result "0-1"]
[WhiteElo "2001"]
[BlackElo "2214"]
[PlyCount "56"]
[EventDate "2024.05.06"]
[EventRounds "7"]
[SourceTitle "AjedrezenMadrid"]
[Source "lmi"]
[SourceDate "2024.05.06"]
[SourceVersion "1"]
[SourceVersionDate "2024.05.12"]
[SourceQuality "1"]

1. d4 Nf6 2. Nf3 e6 3. c4 c5 4. d5 d6 5. Nc3 exd5 6. cxd5 g6 7. e4 Bg7 8. Be2
O-O 9. O-O a6 10. a4 Bg4 11. Bf4 Re8 12. Nd2 Bxe2 13. Qxe2 Nh5 14. Be3 Nd7 15.
g4 Nhf6 16. f4 h5 17. h3 hxg4 18. hxg4 Nb6 19. Qf3 Nfxd5 20. Nxd5 Nxd5 21. Bf2
Nb4 22. Rad1 Nc6 23. e5 dxe5 24. f5 Nd4 25. Bxd4 Qxd4+ 26. Kh1 e4 27. Qb3 Qxb2
28. Qc4 Qc3 0-1

[Event "Madrid 2023-2024ch - Semifinal"]
[Site "Madrid ESP"]
[Date "2024.05.07"]
[Round "2.4"]
[White "Garcia Dorado, Alberto"]
[Black "Gutierrez Diaz, Pablo"]
[Result "1-0"]
[WhiteElo "2199"]
[BlackElo "1994"]
[PlyCount "47"]
[EventDate "2024.05.06"]
[EventRounds "7"]
[SourceTitle "AjedrezenMadrid"]
[Source "lmi"]
[SourceDate "2024.05.06"]
[SourceVersion "1"]
[SourceVersionDate "2024.05.12"]
[SourceQuality "1"]

1. Nf3 Nf6 2. g3 g6 3. c4 Bg7 4. Bg2 O-O 5. Nc3 d6 6. d4 c6 7. O-O Bf5 8. Qb3
Qc8 9. Re1 Ne4 10. g4 Nxc3 11. gxf5 Ne4 12. Nh4 gxf5 13. Qh3 e6 14. Bxe4 fxe4
15. Kh1 Kh8 16. Rg1 Rg8 17. Be3 Nd7 18. f4 Nf8 19. f5 exf5 20. Nxf5 Ng6 21.
Nxd6 Qc7 22. Nf5 Qd7 23. Rg5 Bf6 24. Qxh7+ 1-0

[Event "Madrid 2023-2024ch - Semifinal"]
[Site "Madrid ESP"]
[Date "2024.05.07"]
[Round "2.5"]
[White "Blazquez Sanz, Oscar"]
[Black "Martinez Fernandez, Raul"]
[Result "1/2-1/2"]
[WhiteElo "1965"]
[BlackElo "2181"]
[PlyCount "165"]
[EventDate "2024.05.06"]
[EventRounds "7"]
[SourceTitle "AjedrezenMadrid"]
[Source "lmi"]
[SourceDate "2024.05.06"]
[SourceVersion "1"]
[SourceVersionDate "2024.05.12"]
[SourceQuality "1"]

1. e4 c5 2. Nf3 e6 3. c3 d5 4. exd5 exd5 5. d4 c4 6. Bf4 Nf6 7. h3 Ne4 8. Nbd2
Bd6 9. Bxd6 Nxd6 10. Be2 O-O 11. O-O Nc6 12. Ne5 Ne7 13. Bf3 Rb8 14. Re1 a5 15.
Bg4 Ndf5 16. Bxf5 Bxf5 17. g4 Bc8 18. f4 f6 19. Nef3 Ng6 20. f5 Nf4 21. h4 Nd3
22. Re3 Nxb2 23. Qe2 Bd7 24. Qg2 Bc6 25. Re6 Nd3 26. Qg3 a4 27. Ne1 Nb2 28. Nc2
Qa5 29. Nb4 Nd3 30. Rb1 Nxb4 31. Rxb4 Rbe8 32. Qd6 Rxe6 33. Qxe6+ Kh8 34. g5
Qc7 35. Qe3 fxg5 36. Qxg5 Qd7 37. Nf3 h6 38. Qg4 Qxf5 39. Qxf5 Rxf5 40. Kg2 b5
41. a3 Rf4 42. Ne5 Be8 43. Rxb5 Bxb5 44. Ng6+ Kh7 45. Nxf4 g5 46. hxg5 hxg5 47.
Nh5 Kg6 48. Ng3 g4 49. Kf2 Kg5 50. Ke3 Be8 51. Ne2 Bg6 52. Ng3 Bd3 53. Nh1 Kh4
54. Kf4 Be4 55. Ng3 Bf3 56. Nf5+ Kh3 57. Ne3 Kh2 58. Nxg4+ Bxg4 59. Kxg4 Kg2
60. Kf4 Kf2 61. Ke5 Ke3 62. Kxd5 Kd3 63. Ke5 Kxc3 64. d5 Kb3 65. d6 c3 66. d7
c2 67. d8=Q c1=Q 68. Qd3+ Ka2 69. Kd4 Qb2+ 70. Qc3 Qb6+ 71. Kd3 Qb3 72. Kd2
Qd5+ 73. Kc2 Qf5+ 74. Qd3 Qf2+ 75. Qd2 Qc5+ 76. Qc3 Qf5+ 77. Qd3 Qf7 78. Qc3
Qb3+ 79. Kd2 Kxa3 80. Qa1+ Kb4 81. Qd4+ Kb5 82. Qd3+ Kb4 83. Qe4+ 1/2-1/2

[Event "Madrid 2023-2024ch - Semifinal"]
[Site "Madrid ESP"]
[Date "2024.05.07"]
[Round "2.6"]
[White "Torres Boch, Jose Francisco"]
[Black "Vazquez Gonzalez, Jesus"]
[Result "1-0"]
[WhiteElo "2126"]
[BlackElo "1955"]
[PlyCount "117"]
[EventDate "2024.05.06"]
[EventRounds "7"]
[SourceTitle "AjedrezenMadrid"]
[Source "lmi"]
[SourceDate "2024.05.06"]
[SourceVersion "1"]
[SourceVersionDate "2024.05.12"]
[SourceQuality "1"]

1. e4 g6 2. d4 Bg7 3. Nc3 c5 4. Nf3 Qa5 5. Be3 Nf6 6. Qd2 Nc6 7. h3 cxd4 8.
Nxd4 O-O 9. Nb3 Qd8 10. Bh6 d6 11. Bxg7 Kxg7 12. Be2 Be6 13. Nd4 Nxd4 14. Qxd4
Qa5 15. O-O Rfc8 16. Rfd1 Qc5 17. a4 a6 18. a5 Bc4 19. Bg4 Qxd4 20. Rxd4 Nxg4
21. hxg4 Be6 22. f3 Rc7 23. Rb4 Rb8 24. Kf2 Bd7 25. Ke3 Rc5 26. Kd2 h5 27. gxh5
Rxh5 28. Nd5 Rh2 29. Ne3 Bc6 30. Kd3 Rbh8 31. Rb3 R8h5 32. c4 f5 33. exf5 gxf5
34. g4 fxg4 35. fxg4 R5h3 36. Re1 Rg2 37. Kd4 e5+ 38. Kc3 Rxg4 39. Kb4 Rxe3 40.
Rbxe3 d5 41. b3 dxc4 42. bxc4 e4 43. Kc5 Rg2 44. Rxe4 Bxe4 45. Rxe4 Kf6 46. Rd4
Rb2 47. Rd6+ Ke5 48. Rb6 Ra2 49. Rxb7 Rxa5+ 50. Kb6 Ra1 51. c5 Ke6 52. Ra7 Rb1+
53. Kc7 Kd5 54. c6 Rf1 55. Rxa6 Rf7+ 56. Kb8 Rf8+ 57. Kb7 Kd6 58. c7+ Kd7 59.
Ra1 1-0

[Event "Madrid 2023-2024ch - Semifinal"]
[Site "Madrid ESP"]
[Date "2024.05.07"]
[Round "2.7"]
[White "Rodriguez Melendez, Juan Humbert"]
[Black "San Vicente Crespo, Pablo"]
[Result "1-0"]
[WhiteElo "2073"]
[BlackElo "1926"]
[PlyCount "105"]
[EventDate "2024.05.06"]
[EventRounds "7"]
[SourceTitle "AjedrezenMadrid"]
[Source "lmi"]
[SourceDate "2024.05.06"]
[SourceVersion "1"]
[SourceVersionDate "2024.05.12"]
[SourceQuality "1"]

1. Nf3 Nf6 2. b3 d5 3. Bb2 c5 4. e3 a6 5. c4 Nc6 6. cxd5 Nxd5 7. Be2 Bf5 8. d3
Nf6 9. O-O e6 10. Nc3 Be7 11. Rc1 O-O 12. Na4 Nb4 13. e4 Bg4 14. a3 Bxf3 15.
gxf3 Nc6 16. Qd2 Nd4 17. Bd1 Rc8 18. Kh1 e5 19. f4 exf4 20. Qxf4 Bd6 21. Qh4
Nd7 22. Qh3 Bf4 23. Rb1 Rc6 24. Qg4 Qc7 25. Bc1 Bxh2 26. Nc3 Rg6 27. Qh4 Be5
28. Nd5 Bf6 29. Qxf6 Nxf6 30. Nxc7 Rc8 31. Bf4 b5 32. Rg1 Rxg1+ 33. Kxg1 h6 34.
Rc1 g5 35. Bd6 g4 36. Rxc5 Nd7 37. Rd5 Nc6 38. Bxg4 Rd8 39. Bg3 Nf6 40. Rxd8+
Nxd8 41. Bf5 Nc6 42. Nxa6 Nd4 43. Be5 Nxf5 44. Bxf6 Nd6 45. Be7 Ne8 46. a4 bxa4
47. bxa4 Ng7 48. Nc7 Nh5 49. Nd5 Ng7 50. a5 Ne6 51. a6 Nd4 52. a7 Nc6 53. a8=Q+
1-0

[Event "Madrid 2023-2024ch - Semifinal"]
[Site "Madrid ESP"]
[Date "2024.05.07"]
[Round "2.8"]
[White "Mansor Habash, Zouheir"]
[Black "Vioque Gonzalez, Nicolas"]
[Result "1-0"]
[WhiteElo "1818"]
[BlackElo "2045"]
[PlyCount "43"]
[EventDate "2024.05.06"]
[EventRounds "7"]
[SourceTitle "AjedrezenMadrid"]
[Source "lmi"]
[SourceDate "2024.05.06"]
[SourceVersion "1"]
[SourceVersionDate "2024.05.12"]
[SourceQuality "1"]

1. e4 e5 2. Nf3 Nc6 3. Bc4 Bc5 4. c3 Nf6 5. d4 exd4 6. b4 Bb6 7. e5 d5 8. exf6
dxc4 9. Qe2+ Be6 10. b5 Na5 11. fxg7 Rg8 12. cxd4 Qd7 13. Nc3 O-O-O 14. Bg5
Bxd4 15. O-O-O c5 16. bxc6 Nxc6 17. Nb5 Nb4 18. Nfxd4 Nd3+ 19. Rxd3 cxd3 20.
Qe5 b6 21. Kd2 Kb7 22. Bxd8 1-0

[Event "Madrid 2023-2024ch - Semifinal"]
[Site "Madrid ESP"]
[Date "2024.05.07"]
[Round "2.9"]
[White "Quiroga Andres, Carlos"]
[Black "Martin Rodriguez, Emilio"]
[Result "0-1"]
[WhiteElo "1654"]
[BlackElo "2037"]
[PlyCount "64"]
[EventDate "2024.05.06"]
[EventRounds "7"]
[SourceTitle "AjedrezenMadrid"]
[Source "lmi"]
[SourceDate "2024.05.06"]
[SourceVersion "1"]
[SourceVersionDate "2024.05.12"]
[SourceQuality "1"]

1. d4 d5 2. c4 c6 3. Nc3 Nf6 4. Qc2 g6 5. Nf3 Na6 6. a3 Bf5 7. Qb3 Qb6 8. Qxb6
axb6 9. cxd5 Nb4 10. Kd1 Ng4 11. Be3 Nc2 12. Rc1 Ncxe3+ 13. fxe3 Nf2+ 14. Ke1
Nxh1 15. g3 Bh6 16. Nd1 cxd5 17. Bg2 Nxg3 18. hxg3 Rc8 19. Ra1 O-O 20. Nd2 e6
21. Kf2 Rc2 22. Nb1 Rc1 23. Ndc3 Rc8 24. e4 dxe4 25. Bxe4 Bxe4 26. Nxe4 R8c2
27. Nec3 Rxb2 28. a4 Bd2 29. Ra3 Rbxb1 30. Nxb1 Rxb1 31. Rd3 Be1+ 32. Kf3 Rb4
0-1

[Event "Madrid 2023-2024ch - Semifinal"]
[Site "Madrid ESP"]
[Date "2024.05.07"]
[Round "2.10"]
[White "Zhao, Yuyang"]
[Black "Torres Rebolledo, Alvaro"]
[Result "0-1"]
[WhiteElo "1809"]
[BlackElo "2100"]
[PlyCount "95"]
[EventDate "2024.05.06"]
[EventRounds "7"]
[SourceTitle "AjedrezenMadrid"]
[Source "lmi"]
[SourceDate "2024.05.06"]
[SourceVersion "1"]
[SourceVersionDate "2024.05.12"]
[SourceQuality "1"]

1. d4 Nf6 2. Nf3 d5 3. e3 c5 4. b3 cxd4 5. exd4 Nc6 6. Bb2 Bf5 7. Bd3 Bxd3 8.
Qxd3 Qb6 9. a3 e6 10. Nbd2 Be7 11. O-O O-O 12. Ne5 Rac8 13. Rfd1 Rfd8 14. Rac1
Ne8 15. Nxc6 bxc6 16. c4 Qa6 17. b4 Nd6 18. Rc3 Qa4 19. Qc2 Qxc2 20. Rxc2 Bf6
21. cxd5 cxd5 22. Rdc1 Bg5 23. Rxc8 Nxc8 24. Rc2 Bxd2 25. Rxd2 Nb6 26. Kf1 Nc4
27. Rc2 Rb8 28. Bc1 Kf8 29. Ke2 Ke7 30. Rc3 Rb7 31. Kd3 f6 32. Rb3 e5 33. dxe5
fxe5 34. f4 e4+ 35. Kd4 Ke6 36. g4 g6 37. f5+ gxf5 38. gxf5+ Kxf5 39. Rh3 Nb6
40. Rh5+ Kg4 41. Rg5+ Kf3 42. Rf5+ Ke2 43. Bf4 Re7 44. a4 e3 45. a5 Re4+ 46.
Kc5 Rc4+ 47. Kb5 Nc8 48. Rh5 0-1

[Event "Madrid 2023-2024ch - Semifinal"]
[Site "Madrid ESP"]
[Date "2024.05.07"]
[Round "2.11"]
[White "Rios Rebollo, Victor"]
[Black "Anton Ortiz, Carlos"]
[Result "1/2-1/2"]
[WhiteElo "2039"]
[BlackElo "1766"]
[PlyCount "38"]
[EventDate "2024.05.06"]
[EventRounds "7"]
[SourceTitle "AjedrezenMadrid"]
[Source "lmi"]
[SourceDate "2024.05.06"]
[SourceVersion "1"]
[SourceVersionDate "2024.05.12"]
[SourceQuality "1"]

1. d4 Nf6 2. c4 c5 3. d5 d6 4. Qc2 g6 5. e4 Bg7 6. h3 Na6 7. Nc3 Nb4 8. Qb1 Bd7
9. a3 Na6 10. Nf3 O-O 11. Bd3 Nc7 12. O-O a6 13. b4 Qc8 14. Bd2 Bxh3 15. gxh3
Qxh3 16. Nh2 Ng4 17. Nxg4 Qxg4+ 18. Kh2 Qh4+ 19. Kg2 Qg4+ 1/2-1/2

[Event "Madrid 2023-2024ch - Semifinal"]
[Site "Madrid ESP"]
[Date "2024.05.07"]
[Round "2.12"]
[White "Ortega Sanchez Montanez, Marcos"]
[Black "Lopez de Turiso Sanchez, Jose An"]
[Result "0-1"]
[WhiteElo "1879"]
[BlackElo "1943"]
[PlyCount "94"]
[EventDate "2024.05.06"]
[EventRounds "7"]
[SourceTitle "AjedrezenMadrid"]
[Source "lmi"]
[SourceDate "2024.05.06"]
[SourceVersion "1"]
[SourceVersionDate "2024.05.12"]
[SourceQuality "1"]

1. d4 f5 2. e4 fxe4 3. Nc3 Nf6 4. Bg5 Nc6 5. d5 Ne5 6. Qd4 Nf7 7. Bxf6 gxf6 8.
Nxe4 c6 9. Bc4 Qb6 10. Qxb6 axb6 11. Ne2 Ne5 12. Bb3 d6 13. O-O-O b5 14. Kb1
Nc4 15. Bxc4 bxc4 16. Rhe1 cxd5 17. Rxd5 Bd7 18. Rdd1 Kf7 19. Nf4 Ra5 20. Rd4
b5 21. g3 Bc6 22. Rdd1 Bh6 23. Nd5 Rha8 24. Nb4 Bxe4 25. Rxe4 Bf8 26. Rde1 e5
27. a3 f5 28. R4e2 c3 29. Re3 cxb2 30. Kxb2 e4 31. Rd1 Rc8 32. Rd5 Rc5 33. Rb3
Bg7+ 34. Kc1 Ke6 35. Rxc5 dxc5 36. Na2 c4 37. Re3 Bd4 38. Re2 Rxa3 39. c3 Bxc3
40. Nxc3 Rxc3+ 41. Kb2 Rb3+ 42. Kc2 Kd5 43. Rd2+ Rd3 44. Re2 b4 45. Re1 Kd4 46.
Rb1 b3+ 47. Kc1 Kc3 0-1

[Event "Madrid 2023-2024ch - Semifinal"]
[Site "Madrid ESP"]
[Date "2024.05.07"]
[Round "2.13"]
[White "Moya Barba, Diego"]
[Black "Urrutia Gonzalez, Javier"]
[Result "0-1"]
[WhiteElo "1881"]
[BlackElo "1983"]
[PlyCount "30"]
[EventDate "2024.05.06"]
[EventRounds "7"]
[SourceTitle "AjedrezenMadrid"]
[Source "lmi"]
[SourceDate "2024.05.06"]
[SourceVersion "1"]
[SourceVersionDate "2024.05.12"]
[SourceQuality "1"]

1. Nf3 d5 2. d4 Nf6 3. c4 e6 4. Nc3 a6 5. cxd5 exd5 6. Bg5 Be6 7. Qb3 Nbd7 8.
Qxb7 Rb8 9. Qxa6 Rxb2 10. Ne5 Bb4 11. Nc6 Nb8 12. Nxb8 Bxc3+ 13. Kd1 Qxb8 14.
Qc6+ Bd7 15. Qxc3 Ne4 0-1

[Event "Madrid 2023-2024ch - Semifinal"]
[Site "Madrid ESP"]
[Date "2024.05.07"]
[Round "2.14"]
[White "Martin Martin, Luis Vicente"]
[Black "Calderon Rojo, Borja"]
[Result "1/2-1/2"]
[WhiteElo "1953"]
[BlackElo "1876"]
[PlyCount "108"]
[EventDate "2024.05.06"]
[EventRounds "7"]
[SourceTitle "AjedrezenMadrid"]
[Source "lmi"]
[SourceDate "2024.05.06"]
[SourceVersion "1"]
[SourceVersionDate "2024.05.12"]
[SourceQuality "1"]

1. d4 Nf6 2. Bf4 g6 3. Nf3 Bg7 4. h3 O-O 5. e3 d6 6. Be2 Nfd7 7. O-O e5 8. Bh2
Nc6 9. c3 h6 10. b4 e4 11. Nfd2 f5 12. b5 Ne7 13. c4 Nf6 14. Nc3 g5 15. Qc2 Ng6
16. f3 exf3 17. Bxf3 Nh4 18. Be2 Qe8 19. Qd3 f4 20. e4 Bd7 21. Qc2 Nh5 22. Nb3
Kh8 23. Nd5 Rc8 24. Rae1 c6 25. bxc6 bxc6 26. Ne7 Qxe7 27. Bxh5 c5 28. dxc5
dxc5 29. Kh1 Be5 30. Bg1 f3 31. Bxf3 Bxh3 32. Bh2 Bxh2 33. Kxh2 Nxf3+ 34. Rxf3
Rxf3 35. gxf3 Be6 36. Kg2 Qf7 37. Qc3+ Kh7 38. Rc1 g4 39. Qe3 gxf3+ 40. Qxf3
Qg7+ 41. Kh1 Rf8 42. Qg2 Qe5 43. Rg1 Rg8 44. Qf3 Rxg1+ 45. Kxg1 Bxc4 46. Kf2
Bxb3 47. axb3 Qh2+ 48. Ke3 Qg1+ 49. Kd2 Qd4+ 50. Kc2 Qe5 51. Qf7+ Qg7 52. Qf5+
Qg6 53. Qd7+ Kg8 54. Kd3 Qf6 1/2-1/2

[Event "Madrid 2023-2024ch - Semifinal"]
[Site "Madrid ESP"]
[Date "2024.05.07"]
[Round "2.15"]
[White "Arevillca Colque, Jonatan"]
[Black "Bocancea, Cristian Andrei"]
[Result "0-1"]
[WhiteElo "1912"]
[BlackElo "1858"]
[PlyCount "66"]
[EventDate "2024.05.06"]
[EventRounds "7"]
[SourceTitle "AjedrezenMadrid"]
[Source "lmi"]
[SourceDate "2024.05.06"]
[SourceVersion "1"]
[SourceVersionDate "2024.05.12"]
[SourceQuality "1"]

1. e4 c5 2. d4 cxd4 3. c3 Nf6 4. e5 Nd5 5. Nf3 Nc6 6. Bc4 Nb6 7. Bb3 e6 8. cxd4
d6 9. O-O Be7 10. Nc3 O-O 11. Qe2 Bd7 12. Qe4 Re8 13. Qf4 d5 14. Bc2 g6 15. h4
Bf8 16. h5 Qe7 17. Qg4 Bg7 18. h6 Bh8 19. a3 Qf8 20. Ng5 Ne7 21. Re1 Nf5 22.
Bxf5 exf5 23. Qf3 f6 24. Nh3 fxe5 25. dxe5 Bxe5 26. Bd2 Bc6 27. Qd3 Rad8 28.
Re2 d4 29. Nd1 Be4 30. Qb3+ Bd5 31. Qb4 Qxb4 32. Bxb4 Bh2+ 33. Kf1 Bc4 0-1

[Event "Madrid 2023-2024ch - Semifinal"]
[Site "Madrid ESP"]
[Date "2024.05.07"]
[Round "2.16"]
[White "Marin Lopez, Juan Jose"]
[Black "Sanchez Rodriguez, Jaime"]
[Result "0-1"]
[WhiteElo "1877"]
[BlackElo "1903"]
[PlyCount "84"]
[EventDate "2024.05.06"]
[EventRounds "7"]
[SourceTitle "AjedrezenMadrid"]
[Source "lmi"]
[SourceDate "2024.05.06"]
[SourceVersion "1"]
[SourceVersionDate "2024.05.12"]
[SourceQuality "1"]

1. e4 d5 2. exd5 Qxd5 3. Nf3 Bg4 4. Nc3 Qd6 5. h3 Bh5 6. d4 Nf6 7. g4 Bg6 8.
Bg2 c6 9. O-O Nbd7 10. Ne2 e6 11. c4 Qc7 12. Nh4 Nb6 13. Bf4 Qd7 14. Qb3 Be7
15. Nxg6 hxg6 16. a4 Nc8 17. Rfd1 Bd6 18. Be3 Ne7 19. a5 a6 20. Nc3 Bc7 21. g5
Nfd5 22. cxd5 exd5 23. Ne2 O-O-O 24. Bf4 Bxf4 25. Nxf4 Rh4 26. Rac1 Rxf4 27.
Qe3 Qd6 28. Rc5 Nf5 29. Qc3 Kb8 30. b4 Ne7 31. Qe3 f6 32. gxf6 gxf6 33. Qd3 g5
34. Qc3 g4 35. Rd3 Rg8 36. Kf1 gxh3 37. Bxh3 Re4 38. Bg2 Reg4 39. Bh3 R4g5 40.
Re3 Ng6 41. b5 Nf4 42. bxc6 Rg1# 0-1

[Event "Madrid 2023-2024ch - Semifinal"]
[Site "Madrid ESP"]
[Date "2024.05.07"]
[Round "2.17"]
[White "Lozano Argueso, Cesar"]
[Black "Godoy Herrera, Carlos"]
[Result "1/2-1/2"]
[WhiteElo "1897"]
[BlackElo "1834"]
[PlyCount "107"]
[EventDate "2024.05.06"]
[EventRounds "7"]
[SourceTitle "AjedrezenMadrid"]
[Source "lmi"]
[SourceDate "2024.05.06"]
[SourceVersion "1"]
[SourceVersionDate "2024.05.12"]
[SourceQuality "1"]

1. e4 d5 2. exd5 Qxd5 3. Nc3 Qd6 4. Nf3 Nf6 5. d4 a6 6. g3 b5 7. Bg2 Bb7 8. O-O
e6 9. Bf4 Qb6 10. a4 Bd6 11. Bd2 O-O 12. Qe2 c6 13. Ne4 Nxe4 14. Qxe4 c5 15.
dxc5 Bxc5 16. Qh4 f6 17. b4 Be7 18. Be3 Qc7 19. Rfc1 e5 20. c4 bxa4 21. c5 Bc6
22. Nd2 Bxg2 23. Kxg2 f5 24. Qc4+ Kh8 25. f3 Qc6 26. Qa2 f4 27. Bf2 fxg3 28.
hxg3 Bg5 29. Rc3 Bxd2 30. Qxd2 e4 31. Qd6 exf3+ 32. Kg1 Qxd6 33. cxd6 Nd7 34.
Rxa4 Ne5 35. Raa3 Ng4 36. Rxf3 Rxf3 37. Rxf3 Nxf2 38. Kxf2 Rd8 39. Rc3 Kg8 40.
Rc6 Kf7 41. Rxa6 Ke6 42. d7+ Ke7 43. Ra7 Rxd7 44. Rxd7+ Kxd7 45. Ke3 Kc6 46.
Ke4 Kb5 47. Ke5 Kxb4 48. Ke6 Kc4 49. Kf7 g5 50. Kf6 g4 51. Kg5 Kd5 52. Kxg4 Ke6
53. Kh5 Kf7 54. Kg5 1/2-1/2

[Event "Madrid 2023-2024ch - Semifinal"]
[Site "Madrid ESP"]
[Date "2024.05.07"]
[Round "2.18"]
[White "De Vicente Guijarro, Juan"]
[Black "Pashov, Spas Nikolov"]
[Result "1/2-1/2"]
[WhiteElo "1872"]
[BlackElo "1893"]
[PlyCount "45"]
[EventDate "2024.05.06"]
[EventRounds "7"]
[SourceTitle "AjedrezenMadrid"]
[Source "lmi"]
[SourceDate "2024.05.06"]
[SourceVersion "1"]
[SourceVersionDate "2024.05.12"]
[SourceQuality "1"]

1. e4 e5 2. Nf3 Nc6 3. Nc3 Nf6 4. d4 exd4 5. Nxd4 Nxe4 6. Nxe4 Qe7 7. f3 d5 8.
Nxc6 bxc6 9. Bd3 dxe4 10. fxe4 Qe5 11. Bd2 Qxb2 12. O-O Be6 13. Qe1 Bc5+ 14.
Kh1 Bd4 15. Rb1 Qxa2 16. Bb4 a5 17. Bxa5 O-O 18. Bxc7 Qa3 19. Qh4 g6 20. Qg3
Rfc8 21. Bd6 Qa7 22. e5 Bc5 23. Rbd1 1/2-1/2

[Event "Madrid 2023-2024ch - Semifinal"]
[Site "Madrid ESP"]
[Date "2024.05.07"]
[Round "2.20"]
[White "Vukotic Jovsic, Dragan"]
[Black "Cardena Contreras, Javier"]
[Result "1/2-1/2"]
[WhiteElo "1849"]
[BlackElo "1885"]
[PlyCount "133"]
[EventDate "2024.05.06"]
[EventRounds "7"]
[SourceTitle "AjedrezenMadrid"]
[Source "lmi"]
[SourceDate "2024.05.06"]
[SourceVersion "1"]
[SourceVersionDate "2024.05.12"]
[SourceQuality "1"]

1. d4 d5 2. Nf3 Nf6 3. Bf4 c5 4. e3 Nc6 5. c3 Qb6 6. Qb3 c4 7. Qxb6 axb6 8. Na3
Bf5 9. Nb5 Ra5 10. a4 Bc2 11. Nc7+ Kd7 12. Ng5 Nd8 13. Kd2 Bxa4 14. b4 cxb3 15.
Rxa4 h6 16. Nh3 g5 17. Bb5+ Nc6 18. Rxa5 bxa5 19. Be5 Ne4+ 20. Kd3 f6 21. Nxd5
fxe5 22. Kxe4 g4 23. Ng1 Bg7 24. Ne2 e6 25. Nb6+ Kc7 26. Nc4 Na7 27. Na3 Bf8
28. Ra1 b2 29. Rb1 Bxa3 30. Bc4 exd4 31. Nxd4 Kd6 32. Nc2 Bc5 33. Rxb2 b6 34.
Nd4 Bxd4 35. exd4 Rb8 36. Bb5 Nxb5 37. Rxb5 a4 38. Kd3 Kc6 39. c4 Rf8 40. Rb2
Rf5 41. Kc3 b5 42. d5+ exd5 43. cxb5+ Kb6 44. Kb4 Rf4+ 45. Ka3 Rc4 46. Rb4 Rxb4
47. Kxb4 a3 48. Kxa3 Kxb5 49. Kb3 Kc5 50. Kc3 d4+ 51. Kd3 Kd5 52. Ke2 Ke4 53.
Kd2 h5 54. Ke2 d3+ 55. Kd2 h4 56. f3+ gxf3 57. gxf3+ Kxf3 58. Kxd3 h3 59. Kd2
Kf2 60. Kd1 Kf1 61. Kd2 Kf2 62. Kd1 Kg1 63. Ke1 Kg2 64. Ke2 Kxh2 65. Kf2 Kh1
66. Kf1 h2 67. Kf2 1/2-1/2